000 01701nam a2200229Ia 4500
003 Ost
005 20260507075045.0
008 260507s9999||||xx |||||||||||||| ||und||
020 _a295433977
040 _cfsecg
041 _aara
082 _a600
100 _aحماد، طارق عبد العال
_eمؤلف
245 0 _aالتقارير المالية :
_bأسس الإعداد والعرض والتحليل وفقا لأحدث الإصدارات والتعديلات في معايير المحاسبة الدولية والأمريكية والبريطانية والعربية والمصرية /
_c طارق عبد العال حماد
260 _aالإسكندرية:
_bالدار الجامعية,
_c2002
300 _a632 صفحة؛
_bإيضاحات ؛
_c25 سم
504 _aبيبليوغرافيا: ص.631-632
520 _aمقدمة عن المعايير المحاسبية-إطار إعداد وعرض القوائم المالية وفقا للمعايير المحاسبية الأمريكية والدولية والبريطانية-أسس إعداد وعرض القوائم المالية الأساسية-إعداد واستخدام قائمة التدفقات النقدية- نصيب السهم الواحد من الأرباح في ضوء المعايير المحاسبية- صافي ربح أو خسارة الفترة والأخطاء الجوهرية وتغيير السياسات المحاسبية-التقارير المالية المرحلية- التقارير القطاعية وفقا للمعايير المحاسبية-تحليل القوائم المالية
653 _aالمالية العامة
653 _aمحاسبة
942 _cكتاب
999 _c42562
_d42562